wikipediaから市町村名クイズPart.3 - Statistics

General Stats
  • This quiz has been taken 3 times
  • The average score is 11 of 15
Answer Stats
Hint Answer % Correct
__村(__むら)は、***の島嶼部に位置する村。**諸島を構成し、所属する郡はなく「***__村」が正式な表記である。所管する東京都の支庁は__支庁。 2000年に**が噴火し、全島避難したことで知られる。 三宅村
100%
本土部は__半島に属し、北から西にかけては、**市、**市、***町に接し、東から南にかけては太平洋に面する。2016年、第42回先進国首脳会議(**__サミット)が市内の*島で開催された。 志摩市
100%
***市や***市とともに三陸海岸南部(陸前海岸)の代表的な都市のひとつであり、旧陸前国気仙郡域に属する。市の一帯は典型的なリアス海岸となっており、市域は三陸復興国立公園のほぼ中央に含まれている。総人口は県内8位、沿岸部では**市に次ぐ2位。人口密度は***沿岸部最大であり**市を上回る。 主要な産業のひとつは水産業であり、市の沖合いは世界三大漁場のひとつに数えられる北西太平洋海域(**漁場)となっている。__港は、***内で唯一の重点港湾に指定されている。また市内各地に石灰石鉱山があり、__湾奥には太平洋セメント__工場が稼働している。 2011年(平成23年)3月11日に発生した東日本大震災では市域に大津波が襲来、各所に甚大な被害が生じた。 大船渡市
100%
**市(**し)は、**県の県南地域に位置する市。業務核都市、国際会議観光都市に指定されている。 **県では**市に次ぐ第二の都市。また、学術・研究都市としての**研究学園都市は**市全域を区域とする。2011年(平成23年)12月22日には総合特別区域法に基づく国際戦略総合特別区域に指定された。 つくば市
100%
__市(____し)は、**県西部にある市。日本で最初に市制を施行した都市の一つである。**県の**地域に属する。__藩の城下町として発展し、**地方の中心都市として、周辺自治体に広がる人口約30万人(2010年)の__都市圏を形成している。**県唯一の国立大学である__大学が設置されている。 弘前市
100%
全国の村では、**県**郡**村に次いで2番目に人口が多い。また、人口密度も村としては4番目に高く**県条例による町制施行要件は満たしている。**県内にある村は、本村と**郡**村の2村のみである。また、県内の住みやすさランキング(2021年度)では、2位になった。 東海村
100%
***内の市町の中では最大の広さを持ち県面積のおよそ5分の1を占める。市街地はかつての城下町の面影を強く残し、**の小京都として知られる。市のブランドキャッチコピーは「結の故郷(ゆいのくに)」で、生活や地域が結びつきながら、ゆっくりと営んできた__を表したものである。 大野市
67%
江戸時代中期の__事件そしてそれをもとにした創作物である忠臣蔵で知られる__藩ゆかりの地である。毎年12月14日には__市最大の催しとして__義士祭が行われている。古くから塩田(揚浜式塩田・入浜式塩田・流下式塩田)が栄え、生産されている塩は「__の塩」として全国に流通している[注釈 2]。 赤穂市
67%
__町(__ちょう)は、***最北の**地方、**島にある町。 地名の由来は、???語の「*******」(高い島)に由来する**山の通称「__」から。 利尻富士町
67%
**海岸を代表する都市の一つであり、「本州最東端のまち」を掲げ、世界三大漁場の一つ**沖の豊かな漁業資源と、****国立公園・浄土ヶ浜や***国定公園を代表とする森・川・海の豊かな自然環境を背景に、漁業と観光に力を入れている。 宮古市
67%
**南端の**半島南東部で天然の良港である**港によって**と**を結ぶ交通結節点、及び**地域の中心都市として発展してきた港湾都市である。**港(**港)は幕末に**港・**港とともに日本国内で最初の交易港として開港し(安政五カ国条約)、1920年(第1回国勢調査)では**一位の人口となった。 函館市
67%
**県民センター管轄区域。北に**山地、南に**湾を臨んだ豊かな自然と、南に緩やかに傾斜する地形は、美しい景観と温暖な気候を形成する。国際観光文化都市に指定されている。**間モダニズムの中核に位置しており、六麓荘町などを筆頭に日本有数の高級住宅街が広がる。 芦屋市
67%
__市(____し)は、**北部の**地域に位置し、**湾の支湾である__湾に面する市。もと京極氏・牧野氏3万5000石の城下町。旧称、田辺。人口7万4千人。 __港の東港は、かつては旧日本海軍の軍港で、__鎮守府の所在地であった。現在は海上自衛隊の基地港であり総監部(__地方隊)が置かれる。西港は、北前船の時代から現在に至るまで商港として利用されている。地域おこしとして、**県**市と共に肉じゃが発祥の地を名乗っている。 舞鶴市
67%
__市(___し)は、**県の**地方西端に位置する市。*川を挟んで**地方と接している。豊田自動織機(トヨタ自動車の源流企業)、デンソー、トヨタ紡織、トヨタ車体、アイシン、愛知製鋼(__工場)、ジェイテクトといったトヨタグループの主要企業が軒並み本社を構える自動車工業都市である。 刈谷市
33%
江戸時代から**御成街道と**街道(**街道)の合流点に位置する宿場町として栄えた。市内には徳川将軍が**東照宮へ墓参する際に立ち寄った聖福寺や明治天皇が行幸した折に宿泊した行在所跡が残る。***の市で最も人口が少なく、減少傾向である。2021年7月には人口が5万人を切った。 幸手市
0%
No matching quizzes found
Score Distribution
Percent of People with Each Score
Percentile by Number Answered
Your Score History
You have not taken this quiz